Bubu di Montparnasse /

Gorde:
Xehetasun bibliografikoak
Egile nagusia: Philippe, Charles L. (Egilea)
Beste egile batzuk: Gide, André, Pratolini, Vasco (Itzultzailea)
Formatua: Liburua
Hizkuntza:italiera
Argitaratua: Roma : Torino : L'Unita' ; Einaudi, 1989
Saila:Scrittori tradotti da scrittori ; 5 NS
I libri dell'Unità
Etiketak: Etiketa erantsi
Etiketarik gabe, Izan zaitez lehena erregistro honi etiketa jartzen!

MARC

LEADER 00000nam a22000007i 4500
001 IT\ICCU\RAV\1083841
003 ItRI
005 20260115232232.0
008 060421s1989 it |||||| ||||| |||||c
040 |b ita  |c importazione bologna sebina 
041 7 |a ita  |2 ISO-639-2 
100 1 |a Philippe, Charles L.  |0 IT\ICCU\UBOV\068371  |4 aut 
240 1 0 |a Bubu de Montparnasse  |3 IT\ICCU\CFI\0163769  |9 Philippe, Charles Louis 
245 1 0 |a Bubu di Montparnasse /  |c Charles-Louis Philippe ; traduzione di Vasco Pratolini ; con una testimonianza di Andre' Gide. 
260 |a  Roma :  |b L'Unita' ;  |a Torino :  |b Einaudi,  |c 1989 
300 |a 126 p. ;  |c 17 cm 
500 |a Ed. fuori.commercio - Supplemento al n. 10 dell'11/03/1996 dell'Unita'. 
500 |a Serie Unita'  |9 IT\ICCU\CFI\0000164 
500 |a con una testimonianza di  |0 IT\ICCU\CFIV\013440 
700 1 |a Gide, André  |0 IT\ICCU\CFIV\013440 
700 1 |a Pratolini, Vasco  |0 IT\ICCU\CFIV\041377  |4 trl 
830 0 |a Scrittori tradotti da scrittori ;  |v 5 NS  |0 IT\ICCU\CFI\0000164 
830 2 |a I libri dell'Unità  |0 IT\ICCU\TO0\0106904 
942 |2 ddc  |c BK  |n 0 
952 |0 0  |1 0  |4 0  |6 DOC_843_800000000000000_PHI  |7 0  |9 22582  |a BO  |b BO  |d 2026-01-15  |i 10341  |l 0  |o DOC 843.8 PHI  |p BO10341  |r 2026-01-15 23:22:32  |w 2026-01-15  |x [Sebina 5] [1 v.]  |y BK  |z 1 v. 
999 |c 19284  |d 19284